| 000 | 00555nam a2200193 a 4500 | ||
|---|---|---|---|
| 005 | 20220725110925.0 | ||
| 008 | 991125s1977 mx 000 0 spa u | ||
| 035 | _aUPN01000024370 | ||
| 049 | _aCG | ||
| 050 | 4 |
_aHE2817 _bG5.3 1977 |
|
| 100 | 1 | _aGill, Mario | |
| 245 | 1 | 4 |
_aLos ferrocarrileros / _cMario Gill. |
| 250 | _a2a ed. | ||
| 260 |
_aMéxico : _bExtemporáneos, _c1977. |
||
| 300 | _a236 p. | ||
| 440 | 0 |
_aA pleno sol. _pTeoría y práctica política ; _v9 |
|
| 650 | 2 |
_aMovimientos obreros _zMéxico _xHistoria _ySiglo XX _920478 |
|
| 905 | _aLibro | ||
| 999 |
_c24370 _d24370 |
||